| 000 | 01098nam a2200265Ia 4500 | ||
|---|---|---|---|
| 003 | OSt | ||
| 005 | 20220923211120.0 | ||
| 006 | a|||||r|||| 00| 0 | ||
| 007 | ta | ||
| 008 | 220922b |||||||| |||| 00| 0 hin d | ||
| 020 |
_a8181435842 (hbk) _c750 |
||
| 024 | _a256,858 | ||
| 037 |
_b272, 16/12/2011, Vani Prakashan _cTextual |
||
| 040 |
_aARTS _cARTS _bhin |
||
| 041 |
_2hin _ahin |
||
| 082 | _aO152:g, P6 | ||
| 100 |
_aनामवर सिंह; ठाकुर, समीक्षा, संपा. _9158398 |
||
| 245 | 0 |
_aबात बात में बात _b बीते बारह वर्षों के संवाद |
|
| 246 | _aBāt bāt mean bāta: bīte bārah varṣhoan ke sanvāda | ||
| 260 |
_aनयी दिल्ली _b वाणी प्रकाशन _c2006 |
||
| 300 |
_a352पृ. _ccm. |
||
| 650 |
_aहिन्दी साहित्य _9156264 |
||
| 942 |
_hO152:g, P6 _cTEXL _2CC |
||
| 999 |
_c295491 _d295491 |
||